| 000 | 02096nam0a2200397 4500 | ||
|---|---|---|---|
| 001 | RU\NLR\bibl\1225177 | ||
| 005 | 20241119155049.0 | ||
| 020 |
_aRU _b07-26884 _9Летопись авторефератов диссертаций |
||
| 021 |
_aRU _b2007-20416а _9817а |
||
| 035 | _a(NLR Aleph) 001211496 | ||
| 090 |
_a81122 _c81122 |
||
| 100 | _a20071130d2007 u u0rusy50 ca | ||
| 101 | 0 | _arus | |
| 102 | _aRU | ||
| 105 | _aa dm ||||| | ||
| 135 | _acrgn 008aaaba | ||
| 135 | _acrgn 008aaaba | ||
| 135 | _acrgn 008aaaba | ||
| 200 | 1 |
_aЭколого-географические особенности вулканогенных ландшафтов Восточного Саяна _e(на примере долины р. Жомболок) _eавтореф. дис. на соиск. учен. степ. канд. геогр. наук _eспециальность 25.00.23 <Физ. география и биогеография, география почв и геохимия ландшафтов> _fПапаев Алексей Пурбоевич _g[Бурят. гос. ун-т] |
|
| 210 |
_aУлан-Удэ _d2007 |
||
| 215 |
_a21 с. _cил. _d21 |
||
| 320 | _aБиблиогр.: с. 20-21 (4 назв.) | ||
| 325 | _aКопия доступна в Электрон. б-ке РНБ | ||
| 610 | 0 | _aЖомболок, р., долина, Вост. Саян, геогр. науки | |
| 675 |
_a91(571.55) _v3 _zrus |
||
| 686 |
_a39 _2rugasnti |
||
| 686 |
_a26.8 _2rubbk |
||
| 686 |
_a25.00.23 _2oksvnk |
||
| 700 | 1 |
_aПапаев _bА. П. _gАлексей Пурбоевич _4070 |
|
| 801 | 0 |
_aRU _bRKP _c20071130 _gPSBO |
|
| 801 | 1 |
_aRU _bRKP _c20071130 |
|
| 801 | 2 |
_aRU _bNLR _c20080512 _grcr |
|
| 901 | _eАвторефераты | ||
| 942 | _cBOOK | ||
| 981 | 1 | 0 |
_a(10) Авторефераты _b(10) 25.00.00 Науки о Земле _b25.00.23 Физическая география и биогеография, география почв и геохимия ланшафтов |